Normal view MARC view
  • Canciones infantiles mexicanas

Entry Materia

Number of records used in: 26

001 - NÚMERO DE CONTROL DEL REGISTRO

  • campo de control: 5714

003 - IDENTIFICADOR DE NUMERO DE CONTROL

  • campo de control: UPN

005 - FECHA Y HORA DE LA ÚLTIMA TRANSACCIÓN

  • campo de control: 20220622114520.0

008 - DATOS DE LONGITUD FIJA

  • campo de control de longitud fija: 220622n||acnnnbabn b ana |d

035 ## - NÚMERO DE CONTROL DEL SISTEMA

  • Número de control del sistema: UPN10000005714

040 ## - FUENTE DE LA CATALOGACIÓN

  • Lengua de catalogación: SPA
  • Agencia de transcripción: UPN
  • Centro catalogador de origen: UPN

046 ## - FECHAS CON CODIFICACIÓN ESPECIAL

  • Fecha final para contenidos agregados: 220602

150 ## - ENCABEZAMIENTO - TEMÁTICO

  • Término de materia o nombre geográfico como elemento inicial: Canciones infantiles mexicanas

670 ## - FUENTE EN LA QUE SE LOCALIZARON DATOS

  • Cita de la fuente: E
  • Información localizada: Canciones infantiles argentinas

902 ## - CATALOGADOR

  • Catalogador: MCM/260297